| 000 | 00336nam a22001097a 4500 | ||
|---|---|---|---|
| 999 |
_c519236 _d519236 |
||
| 082 | _aPKP B3 P886\2017 | ||
| 100 |
_aPrasad, D. Ravindra, et al _929925 |
||
| 245 |
_aAdministrative Thinkers _cby D. Ravindra Prasad, et al |
||
| 260 |
_aNew Delhi _bSterling _c2017 |
||
| 300 | _a310p. | ||
| 650 |
_aPublic administration - Biography _929926 |
||